000 00450nam a2200157Ia 4500
005 20250506150053.0
008 231217s9999 xx 000 0 und d
020 _a9780735614062
082 _a001.6424XML SHO;1
100 _aShort, Scott.
245 0 _aBuilding XML. web services for the microsoft .NET paltform
260 _c2002
_bMicrosoft Press
_aWashington
300 _axviii, 426
650 _aXML.,microsoft,.NET,paltform
942 _cAA
999 _c184818
_d184818